Statistiques concernant Top 100 des villes les plus peuplées du monde

Cliquez ici pour prendre le quiz!

Statistiques générales

  • Ce quiz a été pris 109 fois
  • Le résultat moyen est 41 sur 100

Statistiques - réponses

PopulationsVilles% Correct
8 804 190New York
98%
2 145 906Paris
97%
21 893 095Pékin
92%
14 264 798Tokyo
92%
12 655 050Moscou
89%
3 748 148Berlin
87%
8 908 081Londres
87%
17 236 000Delhi
85%
3 898 747Los Angeles
83%
3 280 782Madrid
82%
6 775 561Rio de Janeiro
82%
9 209 944México
79%
2 844 395Rome
79%
27 796 000Shanghai
74%
10 114 373Séoul
73%
5 312 163Sydney
71%
3 090 900Buenos Aires
70%
10 025 657Le Caire
70%
12 396 372São Paulo
67%
3 154 792Alger
66%
12 478 447Bombay
65%
7 466 441Hong Kong
63%
3 094 325Brasilia
62%
2 746 388Chicago
62%
15 848 000Istanbul
61%
11 075 000Jakarta
60%
13 142 000Dacca
57%
10 820 921Bangkok
56%
2 962 180Kiev
56%
2 956 024Toronto
56%
6 778 691Bogota
55%
5 383 890Saint-Pétersbourg
55%
15 946 000Lagos
53%
4 912 500Santiago
53%
6 209 660Singapour
53%
5 926 668Johannesbourg
52%
8 890 792Lima
52%
16 316 000Kinshasa
49%
8 846 782Téhéran
48%
14 904 400Canton
46%
5 747 325Ankara
45%
3 100 000Dubaï
44%
3 566 020Casablanca
43%
8 126 755Bagdad
42%
8 900 000Wuhan
42%
4 496 694Calcutta
40%
2 736 134Osaka
39%
6 152 180Riyad
39%
4 388 219Alexandrie
37%
8 053 663Hanoï
36%
2 602 418Taipei
36%
3 352 000Addis-Abeba
35%
16 787 941Karachi
35%
4 734 881Nairobi
35%
6 321 017Abidjan
34%
2 503 000Damas
33%
8 224 400Hô Chi Minh-Ville
29%
2 090 001Khartoum
28%
10 470 000Shenzhen
28%
2 219 861Medellín
27%
2 187 392Sanaa
27%
2 291 352Accra
26%
4 364 541Dar es Salaam
26%
2 304 580Houston
26%
8 952 000Luanda
26%
8 474 970Bangalore
21%
11 126 285Lahore
20%
2 295 638Nagoya
19%
8 004 700Nankin
19%
4 000 000Amman
18%
2 530 701Belo Horizonte
18%
32 054 159Chongqing
18%
13 866 009Tianjin
18%
8 467 837Xi'an
18%
14 047 625Chengdu
17%
4 425 789Izmir
17%
2 075 380Cali
16%
4 063 000Douala
16%
3 931 000Kano
15%
2 900 319Salvador
15%
3 976 000Djeddah
13%
3 442 361Durban
13%
2 703 391Fortaleza
13%
6 809 970Hyderabad
13%
3 565 810Ibadan
13%
3 044 413Surabaya
13%
5 570 585Ahmedabad
12%
2 031 324Ispahan
12%
4 348 000Rangoun
12%
8 100 000Shenyang
11%
3 203 846Faisalabad
10%
2 291 158Guayaquil
10%
5 064 700Pune
10%
2 132 100Alep
9%
2 994 521Bursa
9%
8 220 237Dongguan
9%
4 585 367Surate
8%
6 221 782Madras
7%
4 156 321Machhad
6%
2 150 000Bassora
4%

Distribution des résultats

Percentile par nombre de réponses

% des personnes avec chaque résultat

Votre développement - résultats

Vous n’avez pas pris ce quiz